000
002640000a22001330004500
005
20120302060633.0
942
_c
BOOK
100
_a
Moropant
245
_a
Mahabharat
300
_a
222p.
040
_a
MAR
650
_a
Mahabharat
650
_a
Aaryaa-mahabharat
999
_c
351741
_d
351738